| 000 | 01370cam a2200373 i 4500 | ||
|---|---|---|---|
| 001 | 19095202 | ||
| 003 | OSt | ||
| 005 | 20231208100941.0 | ||
| 008 | 160516s2015 ii b 001 0 malo | ||
| 010 | _a 2016316293 | ||
| 020 | _a9788126464623 | ||
| 025 | _aI-Mal-2016316293; 22-92 | ||
| 037 | _bLibrary of Congress -- New Delhi Overseas Office | ||
| 040 |
_aDLC _beng _erda _cDLC _dDLC |
||
| 042 |
_alcode _apcc |
||
| 043 | _aa-ii--- | ||
| 050 | 0 | 0 |
_aHX395.K4 _bB56 2015 |
| 082 |
_a954.83 _bBIJ/N |
||
| 100 | 1 |
_aBijuraj, R.K. _d1977- _eauthor. _99785 |
|
| 245 | 1 | 0 |
_aNaksal dinaṅṅaḷ : _bKer̄aḷattile Naksalit̲t̲ Māōyist̲t̲ pr̲asthānattint̲e samagra caritr̲aṃ / _cĀr. Ke. Bijurāj. |
| 264 | 1 |
_aKottayam : _bḌi. Si. Buks, _c2015. |
|
| 300 |
_a544 pages ; _c21 cm |
||
| 336 |
_atext _btxt _2rdacontent |
||
| 337 |
_aunmediated _bn _2rdamedia |
||
| 338 |
_avolume _bnc _2rdacarrier |
||
| 504 | _aIncludes bibliographical references (pages 519-527) and index. | ||
| 520 | _aHistory of Maoist movement in Kerala. | ||
| 546 | _aIn Malayalam. | ||
| 650 | 0 |
_aNaxalite movement _zIndia _zKerala _xHistory. |
|
| 651 | 0 |
_aKerala (India) _xPolitics and government _y20th century. |
|
| 906 |
_a7 _bcbc _corigode _d3 _encip _f20 _gy-gencatlg |
||
| 942 |
_2ddc _cBK _h954.83 _iBIJ/N _k954.83 _mBIJ/N |
||
| 999 |
_c42890 _d42890 |
||